000 00486nam a22001937a 4500
003 OSt
005 20180116182951.0
008 131204b xxu||||| |||| 00| 0 eng d
020 _a9780072844498
040 _a0
_c0
082 _a658 BAT 2004
100 _aBateman
245 _aManagement
_bThe new Competitive Landscape
_cBateman
250 _a6th
260 _aNew Delhi
_bMc Graw-Hill's Power Web
_c2004
300 _a585 +50p
_bHB
440 _aManagement
942 _2ddc
_cBK
999 _c349529
_d349529